[Event "Bremen Silvester op"]
[Site "Bremen"]
[Date "2021.12.29"]
[Round "6"]
[White "Kaiser, Michael"]
[Black "Virviescas Sanchez, Christian Stewart"]
[Result "1-0"]
[WhiteElo "1852"]
[BlackElo "1610"]
[PlyCount "117"]
[EventDate "2021.12.21"]
[EventType "swiss"]
[EventRounds "7"]
[EventCountry "GER"]
[SourceTitle "CBM 205 Extra"]
[Source "ChessBase"]
[SourceDate "2022.01.31"]
[SourceVersion "1"]
[SourceVersionDate "2022.01.31"]
[SourceQuality "1"]

1. d4 g6 2. c4 Bg7 3. Nf3 Nf6 4. Nc3 0-0 5. Bg5 d6 6. e3 c6 7. Be2 Bg4 8. Qb3 Qc7 9. h3 Be6 10. a4 a5 11. 0-0 Na6 12. Rac1 Nb4 13. Ne1 d5 14. cxd5 Nfxd5 15. Qa3 h6 16. Nxd5 Bxd5 17. Bf4 Qd7 18. Nd3 Nxd3 19. Bxd3 f5 20. h4 Rae8 21. Rfd1 Kh7 22. Qc5 Bf6 23. Bg3 Qd8 24. h5 Bg5 25. hxg6+ Kxg6 26. f4 Bf6 27. Kf2 e6 28. Rh1 Rh8 29. Be2 Kg7 30. Rh5 Rh7 31. Rch1 Be7 32. Qc1 Rg8 33. Bh4 Bxh4+ 34. R1xh4 Qf6 35. g4 fxg4 36. Rxg4+ Kf7 37. Rxg8 Kxg8 38. Bf3 Qg6 39. f5 Qf7 40. Qh1 Bxf3 41. Qxf3 Qf6 42. Qf4 Kf7 43. Qc7+ Kg8 44. Qc8+ Qf8 45. Qxe6+ Qf7 46. Qxf7+ Kxf7 47. e4 Rh8 48. Kf3 Kg7 49. e5 Rd8 50. Ke4 Rd5 51. Rh2 b5 52. Rg2+ Kf8 53. axb5 Rxb5 54. Rg6 Rxb2 55. Rxh6 Rb6 56. Rh7 Ra6 57. f6 a4 58. e6 Kg8 59. e7 1-0

[Event "Leipzig VfB op 21st"]
[Site "Leipzig"]
[Date "2014.03.08"]
[Round "7"]
[White "Kaiser, Michael"]
[Black "Brylski, Nils"]
[Result "0-1"]
[WhiteElo "1874"]
[BlackElo "1351"]
[PlyCount "54"]
[EventDate "2014.03.04"]
[EventType "tourn"]
[EventRounds "9"]
[EventCountry "GER"]
[SourceTitle "CBM 159 Extra"]
[Source "ChessBase"]
[SourceDate "2014.04.24"]
[SourceVersion "1"]
[SourceVersionDate "2014.04.24"]
[SourceQuality "1"]

1. d4 d5 2. Nf3 Nf6 3. e3 Bg4 4. h3 Bh5 5. g4 Bg6 6. Ne5 Nbd7 7. h4 h6 8. Nxg6 fxg6 9. Bd3 Kf7 10. h5 g5 11. Bg6+ Kg8 12. Nc3 e5 13. Qf3 Bb4 14. 0-0 Bxc3 15. bxc3 Qe7 16. a4 c5 17. Ba3 b6 18. c4 Rf8 19. cxd5 Qd6 20. c4 Nxh5 21. Bf5 Nhf6 22. Qg3 h5 23. Be6+ Kh7 24. gxh5 Nxh5 25. Qxg5 g6 26. dxe5 Nxe5 27. Kg2 Nf3 0-1

[Event "Leipzig VfB op 21st"]
[Site "Leipzig"]
[Date "2014.03.06"]
[Round "5"]
[White "Kaiser, Michael"]
[Black "Herrmann, Markus"]
[Result "0-1"]
[WhiteElo "1874"]
[BlackElo "2022"]
[PlyCount "140"]
[EventDate "2014.03.04"]
[EventType "tourn"]
[EventRounds "9"]
[EventCountry "GER"]
[SourceTitle "CBM 159 Extra"]
[Source "ChessBase"]
[SourceDate "2014.04.24"]
[SourceVersion "1"]
[SourceVersionDate "2014.04.24"]
[SourceQuality "1"]

1. d4 Nf6 2. Nf3 g6 3. c4 Bg7 4. Nc3 d5 5. Bf4 0-0 6. e3 c5 7. Be2 cxd4 8. exd4 dxc4 9. 0-0 Nd5 10. Bg3 Nc6 11. Bxc4 Nb6 12. Bb3 Nxd4 13. Nxd4 Qxd4 14. Qe2 e5 15. Rfd1 Bg4 16. Rxd4 Bxe2 17. Re4 Bd3 18. Re3 e4 19. Nxe4 Bxe4 20. Rxe4 Bxb2 21. Rb1 Bf6 22. Bc7 Nd7 23. Bd6 Rfd8 24. Rbe1 Kg7 25. Be7 Bc3 26. Rd1 Nf6 27. Bxd8 Nxe4 28. Rd7 Nc5 29. Rxf7+ Kh6 30. Be7 Nxb3 31. axb3 g5 32. Rf5 Re8 33. Bxg5+ Kg6 34. g4 Re4 35. h3 Rb4 36. Be3 a6 37. Kg2 Rxb3 38. h4 h6 39. Rd5 a5 40. Rd6+ Kf7 41. Bxh6 a4 42. g5 Ke7 43. Rd3 Be5 44. Rd5 Ke6 45. Ra5 Rb4 46. Kh3 b6 47. Ra7 Kf5 48. Bf8 Rb3+ 49. Kg2 b5 50. Ra6 Rc3 51. g6 Rc4 52. Be7 Rg4+ 53. Kf3 Rxg6 54. Ra8 Rc6 55. Ra5 Rc3+ 56. Kg2 Rb3 57. Ra6 Rb2 58. h5 Bd4 59. Bh4 Kg4 60. Bg3 Kxh5 61. Rd6 Bc3 62. Bf4 Kg4 63. Be3 Kf5 64. Kf3 b4 65. Rd5+ Ke6 66. Ra5 a3 67. Ke4 a2 68. Ra6+ Kd7 69. f4 b3 70. f5 Rb1 0-1

[Event "Leipzig VfB op 21st"]
[Site "Leipzig"]
[Date "2014.03.05"]
[Round "2"]
[White "Ehrich, Dieter"]
[Black "Kaiser, Michael"]
[Result "0-1"]
[WhiteElo "1684"]
[BlackElo "1874"]
[PlyCount "106"]
[EventDate "2014.03.04"]
[EventType "tourn"]
[EventRounds "9"]
[EventCountry "GER"]
[SourceTitle "CBM 159 Extra"]
[Source "ChessBase"]
[SourceDate "2014.04.24"]
[SourceVersion "1"]
[SourceVersionDate "2014.04.24"]
[SourceQuality "1"]

1. c4 e6 2. Nc3 d5 3. cxd5 exd5 4. d4 Nf6 5. Nf3 Nbd7 6. Qc2 Be7 7. e3 0-0 8. Bd3 c5 9. dxc5 Nxc5 10. Bf5 g6 11. Bxc8 Rxc8 12. 0-0 Nce4 13. Qa4 Nxc3 14. bxc3 Qb6 15. Ba3 Rc4 16. Qb3 Qc7 17. Bxe7 Qxe7 18. Nd2 Rc5 19. Qa3 b6 20. Nb3 Rc7 21. Qxe7 Rxe7 22. Rfd1 Rc8 23. Rac1 Rec7 24. f3 Rxc3 25. Rxc3 Rxc3 26. Kf2 Rc2+ 27. Rd2 Rxd2+ 28. Nxd2 Kf8 29. Nb3 Ke7 30. Ke2 Kd6 31. Kd3 Nd7 32. Nd4 a6 33. Kc3 Ne5 34. a4 Nc4 35. Nc2 Kc5 36. Nb4 Nxe3 37. Nxa6+ Kd6 38. g4 Ke5 39. Nb8 Kd6 40. Na6 Nf1 41. h3 g5 42. Kd3 Nh2 43. Ke3 d4+ 44. Kf2 d3 45. Ke3 d2 46. Kxd2 Nxf3+ 47. Ke3 Ng1 48. h4 gxh4 49. Kf2 Nh3+ 50. Kg2 Ng5 51. Nb4 Ke5 52. Kf2 Kd4 53. Nc6+ Kc5 0-1

[Event "Leipzig VfB op 21st"]
[Site "Leipzig"]
[Date "2014.03.05"]
[Round "3"]
[White "Kaiser, Michael"]
[Black "Loyal, Martin"]
[Result "1-0"]
[WhiteElo "1874"]
[BlackElo "1249"]
[PlyCount "50"]
[EventDate "2014.03.04"]
[EventType "tourn"]
[EventRounds "9"]
[EventCountry "GER"]
[SourceTitle "CBM 159 Extra"]
[Source "ChessBase"]
[SourceDate "2014.04.24"]
[SourceVersion "1"]
[SourceVersionDate "2014.04.24"]
[SourceQuality "1"]

1. d4 d5 2. Nf3 Bf5 3. c4 e6 4. e3 Bb4+ 5. Bd2 Bxd2+ 6. Qxd2 Bxb1 7. Rxb1 Qe7 8. Bd3 Nf6 9. 0-0 0-0 10. Qc2 h6 11. b4 Re8 12. Rfc1 c6 13. c5 a6 14. a4 Nfd7 15. b5 axb5 16. axb5 e5 17. dxe5 Nxe5 18. Nd4 g6 19. bxc6 bxc6 20. Be2 Ned7 21. h3 Ra5 22. Nb3 Ra7 23. Ra1 Rc7 24. Ra8 Rec8 25. Nd4 Rb7 1-0

[Event "Siebenlehn op 13th"]
[Site "Siebenlehn"]
[Date "2012.12.29"]
[Round "5"]
[White "Kaiser, Michael"]
[Black "Farago, Ivan"]
[Result "0-1"]
[WhiteElo "1841"]
[BlackElo "2481"]
[PlyCount "56"]
[EventDate "2012.12.27"]
[EventType "swiss"]
[EventRounds "7"]
[EventCountry "GER"]
[SourceTitle "EXT 2014"]
[Source "ChessBase"]
[SourceDate "2013.11.20"]
[SourceVersion "1"]
[SourceVersionDate "2013.11.20"]
[SourceQuality "1"]

1. d4 Nf6 2. Nf3 e6 3. e3 b6 4. c4 Bb7 5. Bd3 c5 6. Nc3 Be7 7. 0-0 a6 8. Qe2 cxd4 9. exd4 d5 10. cxd5 Nxd5 11. a3 Nf6 12. Rd1 0-0 13. Bf4 Nbd7 14. Rac1 b5 15. Ne5 Nb6 16. Bb1 Nbd5 17. Bg3 Nxc3 18. Rxc3 Qd5 19. f3 Rac8 20. Bh4 Qd6 21. Qd3 g6 22. Rxc8 Rxc8 23. Bg5 Nd5 24. Bd2 Bf6 25. Ng4 Bg7 26. Rc1 Rxc1+ 27. Bxc1 Nf4 28. Bxf4 Qxf4 0-1

[Event "Siebenlehn op 13th"]
[Site "Siebenlehn"]
[Date "2012.12.28"]
[Round "3"]
[White "Kaiser, Michael"]
[Black "Medunova, Vera"]
[Result "0-1"]
[WhiteElo "1841"]
[BlackElo "2118"]
[PlyCount "88"]
[EventDate "2012.12.27"]
[EventType "swiss"]
[EventRounds "7"]
[EventCountry "GER"]
[SourceTitle "EXT 2014"]
[Source "ChessBase"]
[SourceDate "2013.11.20"]
[SourceVersion "1"]
[SourceVersionDate "2013.11.20"]
[SourceQuality "1"]

1. d4 Nf6 2. Nf3 c5 3. e3 e6 4. Bd3 d5 5. c3 Nbd7 6. Nbd2 Be7 7. 0-0 0-0 8. Re1 b6 9. e4 dxe4 10. Nxe4 Bb7 11. Bg5 Nxe4 12. Bxe7 Qxe7 13. Bxe4 Bxe4 14. Rxe4 Nf6 15. Re1 Rfd8 16. Qe2 Rac8 17. Rad1 h6 18. h3 cxd4 19. Rxd4 Rxd4 20. Nxd4 Qd7 21. Qf3 a6 22. a3 b5 23. Rd1 Qd5 24. Qxd5 Nxd5 25. Nb3 Kf8 26. Rd4 Ke7 27. Kf1 Nb6 28. Na5 e5 29. Rd2 f5 30. Ke2 Ke6 31. g3 g5 32. Rd1 h5 33. f3 Nd5 34. Nb7 h4 35. gxh4 gxh4 36. Kf2 Rc7 37. Nd8+ Kd6 38. f4 e4 39. Rd4 Rd7 40. b3 Rxd8 41. c4 Kc5 42. Rxd5+ Rxd5 43. cxd5 Kxd5 44. Ke3 a5 0-1

[Event "Dortmund op-B"]
[Site "Dortmund"]
[Date "2009.07.08"]
[Round "5"]
[White "Kaiser, Michael"]
[Black "Gegner, Michael"]
[Result "1-0"]
[WhiteElo "1841"]
[BlackElo "1576"]
[PlyCount "51"]
[EventDate "2009.07.04"]
[EventType "swiss"]
[EventRounds "9"]
[EventCountry "GER"]
[SourceTitle "EXT 2012"]
[Source "ChessBase"]
[SourceDate "2011.11.24"]
[SourceVersion "1"]
[SourceVersionDate "2011.11.24"]
[SourceQuality "1"]

1. d4 h6 2. Nf3 g5 3. c4 Bg7 4. Nc3 e6 5. g3 Ne7 6. Bg2 Ng6 7. 0-0 g4 8. Ne1 e5 9. Nc2 d6 10. e4 h5 11. Be3 Nd7 12. Qe2 Ndf8 13. Rad1 Ne6 14. dxe5 Nxe5 15. c5 h4 16. cxd6 Qf6 17. Nd5 Qg6 18. dxc7 Ng5 19. Bxg5 Qxg5 20. Nce3 hxg3 21. fxg3 Qh6 22. Nf5 Bxf5 23. exf5 f6 24. Qb5+ Kf8 25. Nf4 Nf3+ 26. Kf2 1-0

[Event "Leipzig VfB op 16th"]
[Site "Leipzig"]
[Date "2009.04.05"]
[Round "9"]
[White "Kaiser, Michael"]
[Black "Didt, Hartmut"]
[Result "1/2-1/2"]
[WhiteElo "1839"]
[BlackElo "1923"]
[PlyCount "46"]
[EventDate "2009.03.31"]
[EventType "swiss"]
[EventRounds "9"]
[EventCountry "GER"]
[SourceTitle "EXT 2010"]
[Source "ChessBase"]
[SourceDate "2010.11.25"]
[SourceVersion "1"]
[SourceVersionDate "2010.11.25"]
[SourceQuality "1"]

1. d4 Nf6 2. Nf3 d5 3. e3 Bg4 4. h3 Bh5 5. g4 Bg6 6. Ne5 c6 7. h4 h6 8. Nxg6 fxg6 9. Bd3 Ne4 10. Qf3 Qd6 11. Bxe4 dxe4 12. Qxe4 Nd7 13. Nc3 0-0-0 14. Bd2 e5 15. 0-0-0 Be7 16. f4 exf4 17. exf4 Rhf8 18. Be3 Nb6 19. f5 Nc4 20. a3 gxf5 21. gxf5 Nxe3 22. Qxe3 Rxf5 23. Kb1 Kb8 1/2-1/2

[Event "Leipzig VfB op 14th"]
[Site "Leipzig"]
[Date "2007.03.25"]
[Round "9"]
[White "Liedmann, Hans Joerg"]
[Black "Kaiser, Michael"]
[Result "0-1"]
[WhiteElo "1928"]
[BlackElo "1795"]
[PlyCount "78"]
[EventDate "2007.03.20"]
[EventType "swiss"]
[EventRounds "9"]
[EventCountry "GER"]
[SourceTitle "EXT 2008"]
[Source "ChessBase"]
[SourceDate "2007.11.25"]
[SourceVersion "1"]
[SourceVersionDate "2007.11.25"]
[SourceQuality "1"]

1. e4 e6 2. d4 d5 3. Nc3 Bb4 4. e5 Ne7 5. a3 Bxc3+ 6. bxc3 c5 7. Qg4 Qc7 8. Qxg7 Rg8 9. Qxh7 cxd4 10. Qd3 dxc3 11. f4 Bd7 12. Ne2 Nbc6 13. Rb1 Nf5 14. Ng3 Nce7 15. Nh5 Rh8 16. Nf6+ Kf8 17. Nxd7+ Qxd7 18. a4 Rc8 19. g4 Nh4 20. Ba3 Nhg6 21. Rb4 Kg7 22. Qg3 Nc6 23. Bb5 Qc7 24. Bxc6 Qxc6 25. h4 d4 26. Rh2 Qe4+ 27. Kd1 Nxf4 28. Bc1 a5 29. Rxb7 Qxb7 30. Qxf4 Qe7 31. h5 d3 32. h6+ Kf8 33. h7 d2 34. Qh6+ Ke8 35. Bxd2 cxd2 36. Qg7 Qf8 37. Qf6 Rb8 38. g5 Rb1+ 39. Kxd2 Qb4+ 0-1

[Event "Leipzig VfB op 13th"]
[Site "Leipzig"]
[Date "2006.03.19"]
[Round "9"]
[White "Lehmann, Lothar"]
[Black "Kaiser, Michael"]
[Result "1/2-1/2"]
[WhiteElo "2008"]
[BlackElo "1792"]
[PlyCount "35"]
[EventDate "2006.03.14"]
[EventType "swiss"]
[EventRounds "9"]
[EventCountry "GER"]
[SourceTitle "EXT 2008"]
[Source "ChessBase"]
[SourceDate "2007.11.25"]
[SourceVersion "1"]
[SourceVersionDate "2007.11.25"]
[SourceQuality "1"]

1. d4 Nf6 2. Bg5 d5 3. Nf3 Nbd7 4. e3 e6 5. Bd3 Be7 6. Nbd2 0-0 7. 0-0 b6 8. Qe2 Bb7 9. c4 c5 10. Rac1 Rc8 11. cxd5 Nxd5 12. Bxe7 Qxe7 13. Ba6 Bxa6 14. Qxa6 Nb8 15. Qa3 cxd4 16. Qxe7 Nxe7 17. Nxd4 Rfd8 18. N2b3 1/2-1/2

[Event "Leipzig VfB op 13th"]
[Site "Leipzig"]
[Date "2006.03.17"]
[Round "6"]
[White "Kaiser, Michael"]
[Black "Grosse, Christian"]
[Result "1-0"]
[WhiteElo "1792"]
[BlackElo "1408"]
[PlyCount "61"]
[EventDate "2006.03.14"]
[EventType "swiss"]
[EventRounds "9"]
[EventCountry "GER"]
[SourceTitle "EXT 2008"]
[Source "ChessBase"]
[SourceDate "2007.11.25"]
[SourceVersion "1"]
[SourceVersionDate "2007.11.25"]
[SourceQuality "1"]

1. d4 Nf6 2. Bg5 d6 3. Nf3 Bf5 4. Nbd2 Nbd7 5. e3 e6 6. e4 Bg4 7. Be2 Be7 8. c4 h6 9. Be3 0-0 10. Qc2 c5 11. 0-0 Rc8 12. e5 dxe5 13. dxe5 Ne8 14. Bd3 Qc7 15. Rfe1 Qb8 16. h3 Bxf3 17. Nxf3 Nc7 18. Rad1 Rfd8 19. Qc1 Bf8 20. Bf4 a6 21. Bg3 b5 22. Bh4 f6 23. Bb1 Qb6 24. Qc2 Ne8 25. Qh7+ Kf7 26. Bg6+ Ke7 27. Qg8 Nxe5 28. Nxe5 Rxd1 29. Qf7+ Kd8 30. Rxd1+ Qd6 31. Rxd6+ 1-0

[Event "Dortmund op-B"]
[Site "Dortmund"]
[Date "2005.07.10"]
[Round "3"]
[White "Kaiser, Michael"]
[Black "Bastians, Felix"]
[Result "0-1"]
[WhiteElo "1808"]
[BlackElo "1865"]
[PlyCount "90"]
[EventDate "2005.07.08"]
[EventType "swiss"]
[EventRounds "9"]
[EventCountry "GER"]
[SourceTitle "CBM 107 Extra"]
[Source "ChessBase"]
[SourceDate "2005.09.01"]
[SourceVersion "1"]
[SourceVersionDate "2005.09.01"]
[SourceQuality "1"]

1. d4 Nf6 2. Nf3 g6 3. c4 Bg7 4. g3 0-0 5. Bg2 c6 6. 0-0 d6 7. Nc3 Nbd7 8. h3 e5 9. dxe5 dxe5 10. e4 Qe7 11. Qe2 Nc5 12. Rd1 a5 13. Ne1 Nfd7 14. Nd3 a4 15. Be3 Ne6 16. b3 axb3 17. axb3 Rxa1 18. Rxa1 Nd4 19. Bxd4 exd4 20. Nb1 Nc5 21. Nd2 f5 22. Ra8 Nxd3 23. Qxd3 Bd7 24. Rxf8+ Kxf8 25. Kh2 Kg8 26. f4 fxe4 27. Nxe4 b6 28. Bf3 Qb4 29. Bg4 Be8 30. Be6+ Kh8 31. f5 Qe7 32. g4 Be5+ 33. Kg2 c5 34. Bd5 Qh4 35. Qf3 Kg7 36. g5 gxf5 37. Qxf5 Qf4 38. Qxf4 Bxf4 39. Kf3 Be5 40. Kg4 Bd7+ 41. Kh4 Bf5 42. Nf2 Bc2 43. Ng4 Bf4 44. Nf6 Bxg5+ 45. Kxg5 h6+ 0-1

[Event "Leipzig VfB op 12th"]
[Site "Leipzig"]
[Date "2005.03.06"]
[Round "9"]
[White "Kaiser, Michael"]
[Black "Gugenberger, Uwe"]
[Result "1/2-1/2"]
[WhiteElo "1812"]
[BlackElo "1616"]
[PlyCount "95"]
[EventDate "2005.01.03"]
[EventType "swiss"]
[EventRounds "9"]
[EventCountry "GER"]
[SourceTitle "EXT 2008"]
[Source "ChessBase"]
[SourceDate "2007.11.25"]
[SourceVersion "1"]
[SourceVersionDate "2007.11.25"]
[SourceQuality "1"]

1. d4 d5 2. e3 Bf5 3. Bd3 Bxd3 4. Qxd3 c6 5. Nf3 e6 6. c4 Nf6 7. 0-0 Nbd7 8. b3 Bd6 9. Bb2 Ne4 10. Ne5 f5 11. f3 Ng5 12. cxd5 cxd5 13. Nd2 0-0 14. Rac1 a6 15. Rc2 Rc8 16. Rfc1 Rxc2 17. Qxc2 Nf7 18. Nxd7 Qxd7 19. e4 fxe4 20. fxe4 Bf4 21. Ba3 Re8 22. Re1 Rc8 23. Qd3 Qc7 24. Nf3 Nd6 25. exd5 exd5 26. Bxd6 Qxd6 27. Qf5 Rd8 28. Ne5 Rf8 29. Qh5 Qb4 30. Nf3 Qd6 31. Re8 g6 32. Rxf8+ Kxf8 33. Qxh7 Be3+ 34. Kf1 Qc6 35. Qh8+ Ke7 36. Qe5+ Qe6 37. Qc7+ Qd7 38. Qxd7+ Kxd7 39. Ne5+ Ke6 40. Nxg6 Bxd4 41. Ke2 Kf5 42. Nh4+ Ke4 43. Nf3 Bf6 44. a3 Be7 45. a4 Bf6 46. g3 Bg7 47. h3 Bf6 48. b4 1/2-1/2

[Event "Leipzig VfB op 12th"]
[Site "Leipzig"]
[Date "2005.03.02"]
[Round "3"]
[White "Kaiser, Michael"]
[Black "Hoffmann, Steffen"]
[Result "0-1"]
[WhiteElo "1812"]
[BlackElo "2059"]
[PlyCount "98"]
[EventDate "2005.01.03"]
[EventType "swiss"]
[EventRounds "9"]
[EventCountry "GER"]
[SourceTitle "EXT 2008"]
[Source "ChessBase"]
[SourceDate "2007.11.25"]
[SourceVersion "1"]
[SourceVersionDate "2007.11.25"]
[SourceQuality "1"]

1. d4 Nf6 2. Nf3 e6 3. e3 b6 4. Bd3 Be7 5. Nbd2 0-0 6. 0-0 c5 7. Qe2 Bb7 8. c3 d6 9. e4 Nbd7 10. Rd1 Qc7 11. Nf1 c4 12. Bc2 e5 13. Ng3 Rfe8 14. dxe5 dxe5 15. Ba4 a6 16. Nf5 Bf8 17. Bxd7 Nxd7 18. Bg5 f6 19. Be3 b5 20. Qc2 Nc5 21. Bxc5 Bxc5 22. Rd2 Rad8 23. Rad1 Rxd2 24. Rxd2 Rd8 25. Ng3 Rxd2 26. Qxd2 Qd6 27. Qxd6 Bxd6 28. Kf1 g6 29. Ke2 Kf7 30. Nd2 Ke6 31. b3 cxb3 32. axb3 f5 33. f3 a5 34. Kd3 f4 35. Ne2 g5 36. g3 Bc5 37. g4 Kd6 38. Nb1 Bc6 39. Nd2 Bd7 40. Nf1 Be6 41. Kc2 a4 42. bxa4 Bc4 43. Kd1 bxa4 44. Nd2 Bd3 45. Nc1 Ba6 46. Kc2 Be3 47. Nd3 Bxd3+ 48. Kxd3 Bxd2 49. Kxd2 Kc5 0-1

[Event "Leipzig VfB op 12th"]
[Site "Leipzig"]
[Date "2005.03.01"]
[Round "1"]
[White "Kaiser, Michael"]
[Black "Mueller, Frank"]
[Result "0-1"]
[WhiteElo "1812"]
[BlackElo "2208"]
[PlyCount "42"]
[EventDate "2005.01.03"]
[EventType "swiss"]
[EventRounds "9"]
[EventCountry "GER"]
[SourceTitle "EXT 2008"]
[Source "ChessBase"]
[SourceDate "2007.11.25"]
[SourceVersion "1"]
[SourceVersionDate "2007.11.25"]
[SourceQuality "1"]

1. d4 Nf6 2. Nf3 g6 3. c4 Bg7 4. g3 0-0 5. Bg2 d5 6. 0-0 dxc4 7. Qc2 Bf5 8. Qxc4 Nc6 9. Nc3 Ne4 10. Rd1 a5 11. Bf4 Nd6 12. Bxd6 cxd6 13. e4 Bg4 14. Nd5 e6 15. Ne3 Bxf3 16. Bxf3 Rc8 17. Qd3 Nxd4 18. Bg2 Qb6 19. Rac1 Qxb2 20. Rb1 Qc3 21. Qxc3 Ne2+ 0-1